000 00367nam a2200109Ia 4500
008 220204s9999 xx 000 0 und d
082 _a054
_bKOR.1A
245 0 _aMethodicum chimicum: A critical survey of proven methods and their application in chemistry, natural science and medicine
260 _aNew York
_bAcademic
_c1974
700 _aKorte, Friedhelm
942 _cBK
999 _c28969
_d28969